<?xml version="1.0" encoding="UTF-8"?><?xml-stylesheet type="text/xsl" href="static/style.xsl"?><OAI-PMH xmlns="http://www.openarchives.org/OAI/2.0/" xmlns:xsi="http://www.w3.org/2001/XMLSchema-instance" xsi:schemaLocation="http://www.openarchives.org/OAI/2.0/ http://www.openarchives.org/OAI/2.0/OAI-PMH.xsd"><responseDate>2026-04-13T15:21:54Z</responseDate><request verb="GetRecord" identifier="oai:www.recercat.cat:2072/401887" metadataPrefix="marc">https://recercat.cat/oai/request</request><GetRecord><record><header><identifier>oai:recercat.cat:2072/401887</identifier><datestamp>2025-04-07T01:10:06Z</datestamp><setSpec>com_2072_98</setSpec><setSpec>col_2072_378192</setSpec></header><metadata><record xmlns="http://www.loc.gov/MARC21/slim" xmlns:dcterms="http://purl.org/dc/terms/" xmlns:xsi="http://www.w3.org/2001/XMLSchema-instance" xmlns:doc="http://www.lyncode.com/xoai" xsi:schemaLocation="http://www.loc.gov/MARC21/slim http://www.loc.gov/standards/marcxml/schema/MARC21slim.xsd">
   <leader>00925njm 22002777a 4500</leader>
   <datafield ind2=" " ind1=" " tag="042">
      <subfield code="a">dc</subfield>
   </datafield>
   <datafield ind2=" " ind1=" " tag="720">
      <subfield code="a">Manrique Ramírez, Paula Constanza</subfield>
      <subfield code="e">author</subfield>
   </datafield>
   <datafield ind2=" " ind1=" " tag="260">
      <subfield code="c">2014</subfield>
   </datafield>
   <datafield ind2=" " ind1=" " tag="520">
      <subfield code="a">En aquesta tesi es va proposar identificar i caracteritzar els gens responsables de l'activitat fosfatasa àcida en el bacteri Gram negativa Haemophilus parasuis. La seva importància resideix en el fet que aquests enzims juguen un paper fonamental en nombrosos processos, inclosa la patogènesi bacteriana. H. parasuis és l'agent etiològic de la malaltia de Glässer, cada vegada més comuna. Per primera vegada s'ha identificat i caracteritzat dues fosfatases d'aquest bacteri, però cal estudiar-les més en profunditat.</subfield>
   </datafield>
   <datafield ind2=" " ind1=" " tag="520">
      <subfield code="a">En esta tesis se propuso identificar y caracterizar los genes responsables de la actividad fosfatasa ácida en la bacteria Gram negativa Haemophilus parasuis. Su importancia reside en que estas enzimas juegan un papel fundamental en numerosos procesos, incluida la patogénesis bacteriana. H. parasuis es el agente etiológico de la enfermedad de Glässer, cada vez más común. Por primera vez se ha identificado y caracterizado dos fosfatasas de esta bacteria, pero es necesario estudiarlas más en profundidad.</subfield>
   </datafield>
   <datafield ind2="0" ind1="0" tag="245">
      <subfield code="a">El paper de les fosfatases àcides en la malaltia de Glässer</subfield>
   </datafield>
</record></metadata></record></GetRecord></OAI-PMH>